[Event "HUN-ch Seniors"]
[Site "Ajka"]
[Date "2009.06.22"]
[Round "1"]
[White "Firnigel, Janos"]
[Black "Bacso, Gabor"]
[Result "1/2-1/2"]
[WhiteElo "1936"]
[BlackElo "2171"]
[PlyCount "56"]
[EventDate "2009.06.22"]
[EventType "swiss"]
[EventRounds "9"]
[EventCountry "HUN"]
[SourceTitle "EXT 2011"]
[Source "ChessBase"]
[SourceDate "2010.11.26"]
[SourceVersion "1"]
[SourceVersionDate "2010.11.26"]
[SourceQuality "1"]

1. d4 d5 2. c4 dxc4 3. Nc3 a6 4. a4 e6 5. e4 Nf6 6. Bxc4 c5 7. Bg5 cxd4 8. Bxf6 Qxf6 9. Na2 Nc6 10. Nf3 e5 11. 0-0 Bd6 12. Bd5 0-0 13. Rc1 Bd7 14. Nd2 Rab8 15. Nc4 b5 16. axb5 axb5 17. Nxd6 Qxd6 18. f4 exf4 19. Nc3 Kh8 20. Ne2 f5 21. Rxf4 fxe4 22. Rxf8+ Rxf8 23. Bxe4 Ne5 24. Qxd4 Qxd4+ 25. Nxd4 Rf4 26. Re1 g6 27. g3 Rf6 28. Bg2 Nc4 1/2-1/2